000 00596nam a2200205Ii 4500
003 JO-AjNU
008 230606s9999||||xx |||||||||||||| ||und||
020 _a978-0-19-861454-8
040 _aJO-AjNU
_beng
_erda
_cJO-AjNU
041 _aeng
050 1 4 _aPE1450.L847 2006
100 3 _aتأليفNoah,Lukeman,
_eauthor
_92026
245 0 4 _aTHE ART OF PUNCTUATION
264 3 1 _aNew York:Oxford University Press, 2006
300 _a192p
336 _atext
_btxt
_2rdacontent
337 _aunmediated
_bn
_2rdamedia
338 _avolume
_bnc
_2rdacarrier
650 4 _aTHE ART OF PUNCTUATION
_92027
999 _aE1064
_c1064
_d1064